Najkrajší svet rozprávok

Bibliographic Details
Other Authors: Georgiev, Galin (Illustrator), Knjazeva, Svetlana (Illustrator), Wágnerová, Jana (Translator)
Format: Book
Language:Slovak
PhysicalDescription:142 strán farebné ilustrácie 31 cm
Published: Bratislava Matys 2020
ISBN:9788080886318
Edition:Vydanie druhé
Subjects:

MARC

LEADER 00000cam a2200000 4500
001 vtls012004118
003 SK-MaSNL
005 20260301124130.0
008 220422s2020 xo a br 000 j slo
015 |a SNBA2021/06 
020 |a 9788080886318  |q (viazané) 
035 |a urn:nbn:sk:snk-am00gc38 
035 |a 2BD0AD5C-17CD-4ED2-9073-E274A4A91237 
035 |a urn:nbn:sk:snk-am3iz81 
040 |a SNK  |b slo  |c SNK  |e rda 
041 1 |a slo  |h [bul] 
044 |a xo  |c SK 
072 7 |a 82-93  |x Literatúra pre deti a mládež (beletria)  |2 konspekt 
080 |a (0:82-34)  |2 2011 
080 |a 82-93-053.4/.5  |2 2011 
245 0 0 |a Najkrajší svet rozprávok  |c preklad Jana Wágnerová 
250 |a Vydanie druhé 
264 1 |a Bratislava  |b Matys  |c 2020 
300 |a 142 strán  |b farebné ilustrácie  |c 31 cm 
336 |a text  |b txt  |2 rdacontent 
336 |a statický obraz  |b sti  |2 rdacontent 
337 |a bez média  |b n  |2 rdamedia 
338 |a zväzok  |b nc  |2 rdacarrier 
500 |a Preložené pravdepodobne z bulharčiny 
521 8 |a Pre deti od 4 rokov 
655 7 |a rozprávky  |2 SNKPH  |9 70597 
655 7 |a literatúra pre deti  |2 SNKPH  |9 87135 
655 7 |a Fairy tales  |2 SNKPHeng  |9 265887 
655 7 |a Children's literature  |2 SNKPHeng  |9 276039 
700 1 |a Georgiev, Galin  |4 ill  |9 341005 
700 1 |a Knjazeva, Svetlana  |4 ill  |9 341006 
700 1 |a Wágnerová, Jana  |4 trl  |9 341007 
919 |a 978-80-8088-631-8 
958 |a LX 
958 |a DB 
958 |a UP 
968 |b IT 
999 |c 738549  |d 740479 
952 |a SNK  |b SNK  |y PREZ  |7 0  |p 17A1449268  |o snkSB 96271  |i snk2021/372  |8 0  |0 0  |1 0  |4 0  |d 2021-02-02  |f 1  |l 0  |r 2025-05-19 00:00:00  |w 2026-02-23 
952 |a SNK  |b SNK  |y VYP  |7 0  |p 17A1449269  |o snkSB 96271 D1  |i snk2021/373  |8 0  |0 0  |1 0  |4 0  |d 2021-02-02  |l 0  |r 2026-02-23 22:51:25  |w 2026-02-23